[Event "Berlin-ch MT"]
[Site "Berlin"]
[Date "2018.04.06"]
[Round "7"]
[White "Figura, Atila Gajo"]
[Black "Jaeger, Tobias"]
[Result "1/2-1/2"]
[WhiteElo "2381"]
[BlackElo "2116"]
[PlyCount "73"]
[EventDate "2018.03.31"]
[EventType "swiss"]
[EventRounds "9"]
[EventCountry "GER"]
[SourceTitle "EXT 2020"]
[Source "ChessBase"]
[SourceDate "2019.10.17"]
[SourceVersion "1"]
[SourceVersionDate "2019.10.17"]
[SourceQuality "1"]

1. d4 f5 2. g3 Nf6 3. Bg2 g6 4. Nf3 Bg7 5. 0-0 0-0 6. b4 Ne4 7. Bb2 d5 8. Nbd2 Nd7 9. c4 e6 10. Qb3 c6 11. a4 g5 12. Nxe4 fxe4 13. Nd2 Nf6 14. f3 exf3 15. exf3 Bd7 16. b5 g4 17. f4 Be8 18. Qe3 Bf7 19. Qe2 Re8 20. Rfc1 Bg6 21. a5 cxb5 22. cxb5 Rc8 23. Nb3 Bf5 24. Nc5 Re7 25. a6 bxa6 26. Rxa6 Ne4 27. Bxe4 dxe4 28. Rd1 Qd5 29. Raa1 h5 30. Rac1 Rec7 31. Qe3 h4 32. gxh4 Bf6 33. Bc3 Bxh4 34. Be1 Bf6 35. Bf2 Kf7 36. Re1 Rd8 37. Rcd1 1/2-1/2

[Event "Berlin-ch MT"]
[Site "Berlin"]
[Date "2018.04.05"]
[Round "6"]
[White "Jaeger, Tobias"]
[Black "Kunze, Martin"]
[Result "1-0"]
[WhiteElo "2116"]
[BlackElo "2108"]
[PlyCount "67"]
[EventDate "2018.03.31"]
[EventType "swiss"]
[EventRounds "9"]
[EventCountry "GER"]
[SourceTitle "EXT 2020"]
[Source "ChessBase"]
[SourceDate "2019.10.17"]
[SourceVersion "1"]
[SourceVersionDate "2019.10.17"]
[SourceQuality "1"]

1. e4 e6 2. d4 d5 3. e5 b6 4. Nf3 Ne7 5. c3 Qd7 6. Na3 Ng6 7. Nc2 c5 8. h4 Ne7 9. h5 h6 10. a4 Ba6 11. dxc5 Bxf1 12. c6 Nexc6 13. Kxf1 Qc7 14. Bf4 Nd7 15. Ncd4 a6 16. Rh3 Ncxe5 17. Nxe5 Nxe5 18. Qe2 Bd6 19. Re1 f6 20. Nxe6 Qf7 21. Bxe5 fxe5 22. Qg4 e4 23. c4 Bb4 24. Rd1 Bc5 25. Nxg7+ Ke7 26. Nf5+ Kf8 27. Rxd5 Re8 28. Qg6 a5 29. b3 Rh7 30. Rg3 e3 31. fxe3 Rxe3 32. Rxe3 Bxe3 33. Rd8+ Qe8 34. Rxe8# 1-0

[Event "Berlin-ch QT"]
[Site "Berlin"]
[Date "2013.04.02"]
[Round "4"]
[White "Krefenstein, Sergej"]
[Black "Jaeger, Tobias"]
[Result "0-1"]
[WhiteElo "2099"]
[BlackElo "2058"]
[PlyCount "170"]
[EventDate "2013.03.30"]
[EventType "swiss"]
[EventRounds "9"]
[EventCountry "GER"]
[SourceTitle "EXT 2023"]
[Source "ChessBase"]
[SourceDate "2022.10.05"]
[SourceVersion "1"]
[SourceVersionDate "2022.10.05"]
[SourceQuality "1"]

1. d4 Nf6 2. Nf3 g6 3. c4 Bg7 4. Bf4 0-0 5. Nc3 d5 6. e3 c5 7. dxc5 Ne4 8. Nxe4 dxe4 9. Qxd8 Rxd8 10. Nd4 e5 11. Bg5 f6 12. Nb5 fxg5 13. Nc7 Na6 14. Nxa8 Be6 15. a3 Rxa8 16. b4 Bf8 17. Kd2 Nc7 18. Be2 a5 19. Kc3 Be7 20. Rhf1 Kg7 21. h3 h5 22. Rfb1 Na6 23. Bd1 Rf8 24. Rb2 h4 25. Rd2 b6 26. Bg4 Kf6 27. Kb3 a4+ 28. Kc3 bxc5 29. b5 Nb8 30. Bd1 Bd8 31. Rc2 Ba5+ 32. Kb2 Nd7 33. Bg4 Bc7 34. Bxe6 Kxe6 35. Rd1 Nb6 36. Kc3 Kf5 37. Rcd2 g4 38. hxg4+ Kxg4 39. Rd6 Bxd6 40. Rxd6 Rb8 41. Rxg6+ Kf5 42. Rh6 Nd7 43. Rd6 Rb7 44. Kd2 Nb8 45. Ke2 Rg7 46. Kf1 Rb7 47. Ke2 Nd7 48. Kd2 Nf6 49. Ke2 Rd7 50. Ra6 Rd3 51. Rxa4 Nd7 52. Ra6 Rc3 53. Rd6 Nf6 54. a4 Rxc4 55. a5 Ra4 56. a6 Ra5 57. Rb6 Nd5 58. Rc6 Nc3+ 59. Kd2 Nxb5 60. Rxc5 Ra2+ 61. Ke1 Na7 62. Rc7 Rxa6 63. Rh7 Kg5 64. Rg7+ Kh6 65. Rg4 Ra1+ 66. Ke2 Ra2+ 67. Kf1 Kh5 68. Rxe4 Nc6 69. Ke1 Kg5 70. Kf1 Rb2 71. Ke1 Rb4 72. Rxb4 Nxb4 73. Kf1 Kg4 74. Ke2 e4 75. Kd2 Nd3 76. Ke2 Ne5 77. Kf1 h3 78. gxh3+ Kxh3 79. f4 exf3 80. Kf2 Kg4 81. Kf1 Kg3 82. Kg1 f2+ 83. Kf1 Kf3 84. e4 Ng4 85. e5 Ne3# 0-1

[Event "Rostock SSC 07 op 09th"]
[Site "Rostock"]
[Date "2010.08.11"]
[Round "1"]
[White "Jaeger, Tobias"]
[Black "Kliewe, Hans Juergen"]
[Result "1-0"]
[WhiteElo "1809"]
[BlackElo "2137"]
[PlyCount "97"]
[EventDate "2010.08.11"]
[EventType "swiss"]
[EventRounds "7"]
[EventCountry "GER"]
[SourceTitle "EXT 2017"]
[Source "ChessBase"]
[SourceDate "2016.10.25"]
[SourceVersion "1"]
[SourceVersionDate "2016.10.25"]
[SourceQuality "1"]

1. d4 d5 2. c4 c6 3. Nf3 Nf6 4. Nc3 dxc4 5. a4 Bf5 6. Ne5 Nbd7 7. Nxc4 e6 8. Bf4 Nb6 9. Ne5 Bb4 10. f3 Nfd5 11. Qc1 Nxf4 12. Qxf4 Nd5 13. Qd2 Bg6 14. e4 Nb6 15. a5 Nd7 16. a6 Nxe5 17. axb7 Nxf3+ 18. gxf3 Rb8 19. Ba6 0-0 20. 0-0 Qb6 21. Rfd1 Rfd8 22. Kh1 e5 23. d5 cxd5 24. exd5 Qf6 25. Qe3 Bh5 26. Rd3 Bxc3 27. bxc3 Rxd5 28. Rxd5 Bxf3+ 29. Kg1 Bxd5 30. Qxa7 Qg5+ 31. Kf2 Qf4+ 32. Ke1 e4 33. Qc5 Bxb7 34. Bxb7 e3 35. Ra2 Rd8 36. Qd4 Qxd4 37. cxd4 f5 38. Ra8 Rxa8 39. Bxa8 Kf7 40. Ke2 f4 41. Bf3 Kf6 42. Kd3 g5 43. Ke4 Kg6 44. h4 h5 45. hxg5 Kxg5 46. Ke5 h4 47. d5 h3 48. d6 h2 49. d7 1-0